Cultura general: Comunitat Valenciana - Statistics

General Stats
  • This quiz has been taken 10 times
  • The average score is 14 of 21
Answer Stats
Hint Answer % Correct
Nomena una de les capitals de província que no siga València. Alacant, Catelló de la Plana
100%
Quin rei va conquistar el regne entre 1232 i 1245? Jaume I
100%
Ciutat més poblada València
100%
Quina és l'actual televisió pública valenciana? À Punt
90%
Quina és la ciutat amb més gratacels de la comunitat i del país? Benidorm
90%
Quina és la festa més coneguda de Buñol? La Tomatina
80%
Com es coneix al fons d'arròs cremat en la paella? Socarrat
80%
Quantes illes hi ha en la Comunitat? 12 (l´Illa Grosa, la Ferrera , la Foradada, el Carallot, Tabarca, La Cantera, La Galera, la Nao, Illa de Benidorm, Illa del Portitxol, Illa del Descobridor e Illot El Calo.)
70%
Quin és l'aeroport més utilitzat de la Comunitat? Alacant-Elx Miguel Hernández
70%
I quina era l'antiga? Canal Nou
70%
A quina ciutat pertany l'equip de futbol Hèrcules CF? Alacant
60%
On està el palmerar més gran d'Europa? Elx
60%
Què se celebra a Castelló en comptes de les falles? La Magdalena
60%
Quina ciutat emmurallada és la capital de Els Ports? Morella
60%
Forma col·loquial de cridar a algú a València, equivalent a «noi». Nano
60%
Qui va dissenyar la Ciutat de les Arts i les Ciències? Santiago Calatrava
60%
Com es diu el campanar de València? El Miquelet
40%
Quants parcs naturals té la comunitat? 22
30%
On va viure el Papa Luna? Peñíscola
30%
Quina ciutat va ser assetjada pels cartaginesos d'Anníbal en el segle VI a. C.? Sagunt
30%
I el de Castelló? El Fadrí
20%
No matching quizzes found
Score Distribution
Percent of People with Each Score
Percentile by Number Answered
Your Score History
You have not taken this quiz